Bosnia and Herzegovina National Football Team - Statistics

General Stats
  • This quiz has been taken 75 times
  • The average score is 7 of 15
Answer Stats
Goals Caps Player % Correct
72 146 Edin Džeko
100%
18 115 Miralem Pjanić
97%
0 62 Sead Kolašinac
74%
0 63 Asmir Begović
64%
28 83 Vedad Ibišević
59%
6 94 Emir Spahić
53%
10 55 Edin Višća
45%
4 57 Senad Lulić
45%
25 85 Zvjezdan Misimović
45%
17 47 Sergej Barbarez
38%
22 51 Elvir Bolić
28%
0 55 Ibrahim Šehić
26%
9 60 Haris Medunjanin
24%
14 38 Elvir Baljić
22%
12 30 Zlatan Muslimović
12%
No matching quizzes found
Score Distribution
Percent of People with Each Score
Percentile by Number Answered
Your Score History
You have not taken this quiz